小田急バス 系統番号に付く漢字 - Statistics

General Stats
  • This quiz has been taken 4 times
  • The average score is 17 of 22
Answer Stats
営業所 Answer % Correct
吉祥寺営業所、武蔵境営業所
100%
若林営業所、狛江営業所
100%
武蔵境営業所
100%
武蔵境営業所、狛江営業所
100%
武蔵境営業所、狛江営業所 調
100%
狛江営業所
100%
狛江営業所
100%
狛江営業所
100%
登戸営業所、新百合ヶ丘営業所
100%
新百合ヶ丘営業所
100%
新百合ヶ丘営業所
100%
若林営業所
67%
若林営業所
67%
若林営業所、狛江営業所
67%
狛江営業所
67%
登戸営業所
67%
登戸営業所、新百合ヶ丘営業所
67%
新百合ヶ丘営業所
67%
新百合ヶ丘営業所
67%
狛江営業所
33%
登戸営業所
33%
登戸営業所
33%
No matching quizzes found
Score Distribution
Percent of People with Each Score
Percentile by Number Answered
Your Score History
You have not taken this quiz